|
|
|
|
| LEADER |
00976nam a2200277 a 4500 |
| 001 |
c000383264 |
| 003 |
CARM |
| 005 |
00000000000000.0 |
| 008 |
c19851986sa b 00110 eng |
| 019 |
1 |
|
|a 69850727
|5 LACONCORD2021
|
| 020 |
|
|
|a 0868500925
|
| 035 |
|
|
|a (OCoLC)16647577
|5 LACONCORD2021
|
| 040 |
|
|
|a VDU
|c VDU
|
| 043 |
|
|
|a f-sx---
|
| 050 |
0 |
0 |
|a DT714
|b .D82 1986
|
| 082 |
0 |
4 |
|a 320.9688
|2 19
|
| 100 |
1 |
|
|a Du Pisani, André,
|
| 245 |
1 |
0 |
|a SWA/Namibia, the politics of continuity and change /
|c André du Pisani.
|
| 260 |
|
|
|a Johannesburg :
|b J. Ball Publishers,
|c 1985, c1986.
|
| 300 |
|
|
|a 531 p. ;
|c 25 cm.
|
| 500 |
|
|
|a Includes index.
|
| 504 |
|
|
|a Bibliography: p. 491-519.
|
| 651 |
|
0 |
|a Namibia
|x Politics and government.
|
| 852 |
8 |
|
|b CARM
|h A3:AB11G0
|i C12504
|p 0476696
|f BK
|
| 999 |
f |
f |
|i 363edcb8-7372-56fb-b0b8-3893b8a6c44a
|s 148cca84-cfa4-543b-85b8-bbb71eac3292
|
| 952 |
f |
f |
|p Can circulate
|a CAVAL
|b CAVAL
|c CAVAL
|d CARM 1 Store
|e C12504
|f A3:AB11G0
|h Other scheme
|i book
|m 0476696
|